| 000 | 00422nam a2200169Ia 4500 | ||
|---|---|---|---|
| 005 | 20240605013854.0 | ||
| 008 | 240331s9999 xx 000 0 und d | ||
| 020 | _a0415005477 | ||
| 082 |
_bEDU _a370 |
||
| 245 | 0 |
_aEducation for equality : _bsome guidelines for good practice |
|
| 260 |
_aLondon _bRoutledge _c1989 |
||
| 300 | _a237 p., | ||
| 650 | _aEducation | ||
| 650 | _aEquality | ||
| 700 | _aCole, M. | ||
| 942 | _cL | ||
| 999 |
_c2938 _d2938 |
||